00000000cam 2200000zi 4500
0019.962868
003CaOODSP
00520260515143625
006m     o  d f      
007cr mn|||||||||
008260515e198408##onc     ob   f000 0 eng d
040 |aCaOODSP|beng|erda|cCaOODSP
043 |an-cn---
0861 |aJS4-1/1985-16E-PDF
1001 |aKopelman, Faigie, |eauthor.
24510|aJuvenile prevention and diversion programs in Canada / |cF. Kopelman and S. Moyer.
264 1|aToronto, Ontario : |bSolicitor General Canada, Ministry Secretariat, Programs Branch, |cAugust 1984.
300 |a1 online resource (1 volume (various pagings)).
336 |atext|btxt|2rdacontent
337 |acomputer|bc|2rdamedia
338 |aonline resource|bcr|2rdacarrier
4901 |aPrograms Branch user report ; |vno. 1985-16
500 |aDigitized edition from print [produced by Public Safety Canada].
500 |aIssued also in French under title: Programmes de déjudiciarisation et de prévention de la délinquance juvénile au Canada.
500 |a"This working paper was prepared under contract for the Research Division in August 1984 and is made available as submitted to the Ministry. The views expressed are those of the author and are not necessarily those of the Ministry of the Solicitor General of Canada."
504 |aIncludes bibliographical references (pages 1-21).
520 |a"This report focusses on the issues raised and the operational problems encountered by community-based pre-disposition prevention and diversion programs for young persons"--Summary, page iii.
650 0|aJuvenile delinquency|zCanada|xPrevention.
650 0|aJuvenile delinquents|xServices for|zCanada.
7101 |aCanada. |bSolicitor General Canada. |bPrograms Branch, |eissuing body.
77508|tProgrammes de déjudiciarisation et de prévention de la délinquance juvénile au Canada / |w(CaOODSP)9.962873
830#0|aUser report (Canada. Solicitor General Canada)|vno. 1985-16.|w(CaOODSP)9.808480
85640|qPDF|s2.22 MB|uhttps://publications.gc.ca/collections/collection_2026/sp-ps/js4-1/JS4-1-1985-16-eng.pdf